| 000 | 01236cam a22003011 4500 | ||
|---|---|---|---|
| 001 | gs 51000224 | ||
| 003 | DLC | ||
| 005 | 20260227111358.0 | ||
| 008 | 760223s1949 azu s001 0 eng | ||
| 010 | _ags 51000224 | ||
| 035 | _a(OCoLC)2007295 | ||
| 040 |
_aDLC _cAzFU _dOCoLC _dDLC |
||
| 042 | _apremarc | ||
| 050 | 0 | 0 |
_aTN24.A6 _bW53 1949 |
| 086 | 0 |
_aMN 1.3:B 85/155 _2azdocs |
|
| 100 | 1 |
_aWilson, Eldred Dewey, _d1898-1965. |
|
| 245 | 1 | 0 |
_aArizona nonmetallics ; _ba summary of past production and present operations. _c2d. ed., rev. by Eldred D. Wilson and George H. Roseveare. |
| 260 |
_aTucson, _bUniversity of Arizona, _c1949. |
||
| 300 |
_a60 p. _c23 cm. |
||
| 490 | 1 |
_aArizona Bureau of Mines, Mineral technology series, _vno. 42. Bulletin no. 155 |
|
| 500 | _aUniversity of Arizona bulletin, v. 29, no. 2, April 1949. | ||
| 504 | _a"References cited" : p. 53-83. | ||
| 650 | 0 |
_aMines and mineral resources _zArizona. |
|
| 700 | 1 |
_aRoseveare, George H., _ejoint author. |
|
| 810 | 2 |
_aUniversity of Arizona. _bState Bureau of Mines. _tBulletin ; _vno. 155. |
|
| 810 | 2 |
_aUniversity of Arizona. _bState Bureau of Mines. _tMineral technology series ; _vno. 42. |
|
| 830 | 0 |
_aBulletin (University of Arizona) ; _vv. 20, no. 2. |
|
| 999 |
_c28576 _d28576 |
||